Očerk čecho-slavjanskoj skoropisnoj ili stenografičeskoj sistemy v vidě russkoj /

Hlavní autor: Holas, Alois, 1865-1936
Jazyk: Ruština
Vydáno: Bern : Alois Holas, 1907
Fyzický popis: 4, 10, 10 s.
Knihy
Uloženo v:
LEADER 00677nam a2200205 a 4500
001 000636818
003 CZ BrMZK
005 20021122064842.0
007 ta
008 021118s1907 sz f rus d
040 |a BOA001  |b cze  |c BOA001 
100 1 |a Holas, Alois,  |d 1865-1936  |7 jk01041659  |4 aut 
245 1 0 |a Očerk čecho-slavjanskoj skoropisnoj ili stenografičeskoj sistemy v vidě russkoj /  |c sostavil Aloisij Golas 
260 |a Bern :  |b Alois Holas,  |c 1907 
300 |a 4, 10, 10 s. 
563 |a Z knihovny Aug. Vrzala 
910 |a BOA001  |b 3-0520.222 
990 |a BK 
993 |a Y 
996 6 |b 2619114869  |c 3-0520.222  |l MZK  |r Sklad / do 1 hodiny  |n 0  |w 000636818  |u 000010  |a 1  |e BOA001  |j MZK50  |s P